000 00798nam a2200253 a 4500
005 20160516154644.0
008 140312b1992 ne ||||| |||| 00| 0 eng d
040 _aCO-BoIAVH
_cCO-BoIAVH
041 _aeng
082 _a333.2
_bB94n
100 1 _aBunyard, Peter
110 _bAID Environment
245 1 _aNew responsabilities
_bresguardos in the Colombian Amazon
260 _aAmsterdam
_bGTZ
_bTFAP
_c1992
300 _a154 paginas
650 1 4 _aResguardos indĂ­genas
_x Aspectos ambientales
_z Colombia.
650 1 4 _aEcologĂ­a
_zAmazonas (colombia)
700 _aMeresch, Sabine
700 _aCastellanos, Diana
700 _aRenjifo, Juan Manuel
710 _aEcological Fundation
942 _cLIBRO
_2ddc
945 _d2004-02-02
999 _c3654
_d3654